Statistics for Game of Thrones characters and actors

Click here to take the quiz!

General Stats

  • This quiz has been taken 52 times
    (20 since last reset)
  • The average score is 52 of 88

Answer Stats

Character % Correct
Tyrion Lannister
100%
Peter Dinklage
100%
Petyr Baelish
100%
Maisie Williams
93%
Jaime Lannister
93%
Cersei Lannister
93%
Jorah Mormont
93%
Jon Snow
93%
Arya Stark
93%
Bran Stark
93%
Kit Harington
93%
Tywin Lannister
87%
Stannis Baratheon
87%
Samwell Tarly
87%
Ramsay Bolton
87%
Eddard Stark
87%
Emilia Clarke
87%
Varys
87%
Sansa Stark
87%
Daenerys Targaryen
87%
Catelyn Stark
87%
Robert Baratheon
80%
Charles Dance
80%
Brienne of Tarth
80%
Margaery Tyrell
80%
Sean Bean
80%
Robb Stark
80%
Sandor Clegane
80%
Melisandre
80%
Davos Seaworth
80%
Theon Greyjoy
80%
Joffrey Baratheon
80%
Roose Bolton
73%
Sophie Turner
73%
Lena Headey
73%
Tormund Giantsbane
73%
Natalie Dormer
67%
Richard Madden
67%
Khal Drogo
67%
Grey Worm
67%
Viserys Targaryen
67%
Tommen Baratheon
67%
Jason Momoa
67%
Missandei
67%
Rose Leslie
60%
Bronn
60%
Nikolaj Coster-Waldau
60%
Gendry
60%
Ygritte
60%
Alfie Allen
53%
Jack Gleeson
53%
Liam Cunningham
53%
Mark Addy
53%
Iain Glen
53%
Michelle Fairley
53%
Jeor Mormont
53%
John Bradley
47%
Daario Naharis
47%
Gilly
47%
Conleth Hill
47%
Nathalie Emmanuel
47%
Isaac Hempstead Wright
47%
Gwendoline Christie
40%
Carice van Houten
40%
Jacob Anderson
40%
Talisa Maegyr
40%
Aidan Gillen
40%
Shae
33%
Joe Dempsie
33%
Jerome Flynn
33%
Hannah Murray
33%
Iwan Rheon
33%
Ellaria Sand
27%
Stephen Dillane
27%
Oona Chaplin
27%
The High Sparrow
27%
Rory McCann
27%
Jaqen H'ghar
20%
Harry Lloyd
20%
Jonathan Pryce
20%
Kristofer Hivju
20%
Sibel Kekilli
13%
Michiel Huisman
13%
James Cosmo
13%
Indira Varma
13%
Dean-Charles Chapman
7%
Tom Wlaschiha
7%
Michael McElhatton
7%

Score Distribution

Percentile by Number Answered

Percent of People with Each Score

Your Score History

You have not taken this quiz since the last reset